Batailles remportées par Napoléon - Mort subite - Statistiques

Statistiques générales
  • Ce quiz a été pris 938 fois
    96 depuis la dernière actualisation
  • Le résultat moyen est 10 sur 16
Answers on the Grid
Answers color-coded by a green-red scale on the quiz's grid according to % correct below.
Toulon
Trafalgar
Austerlitz
Rivoli
Waterloo
Ulm
Iéna
Friedland
Wagram
Eylau
Bérézina
Dresde
Honfschoote
Minorque
Hanau
Arcole
batailles des Pyramides
Valmy
Fleurus
Castoglione
Tourcoing
Zurich
Solférino
Magenta
Ligny
Lodi
 
Statistiques - réponses
Réponse % Correct
Iéna
86%
Austerlitz
82%
Eylau
75%
Ulm
73%
Wagram
73%
Arcole
68%
Toulon
68%
batailles des Pyramides
66%
Friedland
64%
Rivoli
64%
Bérézina
48%
Lodi
48%
Castoglione
43%
Ligny
41%
Dresde
39%
Hanau
16%
Aucun quiz correspondant
Distribution des résultats
% des personnes avec chaque résultat
Percentile par nombre de réponses
Votre historique - résultats
Vous n’avez pas pris ce quiz depuis la dernière actualisation